[Event "Turkish Cup 2022"]
[Site "Sakarya"]
[Date "2022.03.27"]
[Round "4.24"]
[White "Tarhan, Adar"]
[Black "Gozubuyukoglu, Selami"]
[Result "1-0"]
[WhiteElo "2125"]
[BlackElo "1747"]
[Annotator "NA"]
[PlyCount "75"]
[EventDate "2022.03.25"]
[EventType "swiss"]
[EventCountry "TUR"]
[SourceTitle "playchess.com"]
[Source "ChessBase"]
[SourceQuality "1"]
[TimeControl "5400+30"]

1. e4 {[%emt 0:01:00]} e5 {[%emt 0:05:00]} 2. Nf3 {[%emt 0:00:30]} Nc6 {[%emt 0:00:30]} 3. Bc4 {[%emt 0:00:00]} Bc5 {[%emt 0:00:30]} 4. c3 {[%emt 0:00:00]} Nf6 {[%emt 0:00:00]} 5. d3 {[%emt 0:00:00]} a6 {[%emt 0:00:00]} 6. O-O {[%emt 0:01:00]} d6 {[%emt 0:00:00]} 7. a4 {[%emt 0:01:30]} O-O {[%emt 0:01:00]} 8. b4 {[%emt 0:00:30]} Ba7 {[%emt 0:05:30]} 9. Bg5 {[%emt 0:01:30]} h6 {[%emt 0:02:30]} 10. Bh4 {[%emt 0:00:30]} g5 {[%emt 0:01:30]} 11. Bg3 {[%emt 0:00:00]} Ne7 {[%emt 0:00:30]} 12. Re1 {[%emt 0:01:00]} Ng6 {[%emt 0:00:30]} 13. Nbd2 {[%emt 0:02:30]} Qe7 {[%emt 0:01:30]} 14. d4 {[%emt 0:02:30]} Kh7 {[%emt 0:00:30]} 15. Qb3 {[%emt 0:01:30]} Nh5 {[%emt 0:01:30]} 16. dxe5 {[%emt 0:04:30]} dxe5 {[%emt 0:00:30]} 17. Nf1 {[%emt 0:00:00]} Nhf4 {[%emt 0:02:30]} 18. Ne3 {[%emt 0:02:00]} c6 {[%emt 0:03:30]} 19. b5 {[%emt 0:03:30]} h5 {[%emt 0:02:30]} 20. b6 {[%emt 0:01:30]} Bb8 {[%emt 0:00:30]} 21. Nf5 {[%emt 0:00:30]} Qf6 {[%emt 0:00:00]} 22. h4 {[%emt 0:00:30]} gxh4 {[%emt 0:01:00]} 23. N3xh4 {[%emt 0:01:30]} Bd6 {[%emt 0:03:30]} 24. Nxg6 {[%emt 0:11:30]} fxg6 {[%emt 0:03:30]} 25. Nxd6 {[%emt 0:01:30]} Qxd6 {[%emt 0:00:30]} 26. Rad1 {[%emt 0:00:30]} Qf6 {[%emt 0:00:30]} 27. Qb4 {[%emt 0:00:30]} Be6 {[%emt 0:03:30]} 28. Bxf4 {[%emt 0:00:30]} Bxc4 {[%emt 0:03:30]} 29. Qxc4 {[%emt 0:03:30]} Qxf4 {[%emt 0:01:30]} 30. Rd7+ {[%emt 0:00:30]} Kh6 {[%emt 0:00:30]} 31. Qc5 {[%emt 0:00:30]} Qg5 {[%emt 0:22:30]} 32. Rxb7 {[%emt 0:01:30]} Rf3 {[%emt 0:02:30]} 33. Qe7 {[%emt 0:04:30]} Qd2 {[%emt 0:09:30]} 34. Qg7+ {[%emt 0:00:30]} Kg5 {[%emt 0:00:30]} 35. Qxe5+ {[%emt 0:00:00]} Kh6 {[%emt 0:00:00]} 36. gxf3 {[%emt 0:01:00]} Qxe1+ {[%emt 0:00:00]} 37. Kg2 {[%emt 0:00:00]} Qd2 {[%emt 0:01:30]} 38. f4 {[%emt 0:00:00]} 1-0

[Event "Turkish Cup 2022"]
[Site "Sakarya"]
[Date "2022.03.27"]
[Round "4.26"]
[White "Karacor, Kemal"]
[Black "Akin, Kadir"]
[Result "0-1"]
[WhiteElo "1700"]
[BlackElo "1964"]
[Annotator "NA"]
[PlyCount "90"]
[EventDate "2022.03.25"]
[EventType "swiss"]
[EventCountry "TUR"]
[SourceTitle "playchess.com"]
[Source "ChessBase"]
[SourceQuality "1"]
[TimeControl "5400+30"]

1. d4 {[%emt 0:03:00]} d5 {[%emt 0:07:00]} 2. c4 {[%emt 0:00:00]} dxc4 {[%emt 0:00:30]} 3. Qa4+ {[%emt 0:00:00]} c6 {[%emt 0:02:30]} 4. Qxc4 {[%emt 0:00:30]} Nf6 {[%emt 0:00:30]} 5. Nf3 {[%emt 0:00:30]} b5 {[%emt 0:03:30]} 6. Qc2 {[%emt 0:00:30]} Bb7 {[%emt 0:00:00]} 7. e3 {[%emt 0:00:30]} e6 {[%emt 0:01:00]} 8. Be2 {[%emt 0:00:30]} Nbd7 {[%emt 0:00:00]} 9. O-O {[%emt 0:00:30]} a6 {[%emt 0:00:00]} 10. a4 {[%emt 0:00:30]} Rc8 {[%emt 0:00:30]} 11. Nc3 {[%emt 0:04:30]} b4 {[%emt 0:04:30]} 12. Ne4 {[%emt 0:00:30]} Nxe4 {[%emt 0:01:30]} 13. Qxe4 {[%emt 0:00:00]} Qc7 {[%emt 0:01:30]} 14. Qd3 {[%emt 0:06:00]} c5 {[%emt 0:02:30]} 15. b3 {[%emt 0:00:30]} Bd6 {[%emt 0:03:30]} 16. Bb2 {[%emt 0:05:30]} O-O {[%emt 0:03:30]} 17. Rac1 {[%emt 0:00:30]} Rfd8 {[%emt 0:02:30]} 18. Rfd1 {[%emt 0:06:30]} Qb8 {[%emt 0:02:30]} 19. Qb1 {[%emt 0:05:30]} h6 {[%emt 0:09:30]} 20. h3 {[%emt 0:00:00]} a5 {[%emt 0:02:30]} 21. Ba1 {[%emt 0:11:00]} Be7 {[%emt 0:02:30]} 22. Bb5 {[%emt 0:03:30]} Qa8 {[%emt 0:02:30]} 23. Be2 {[%emt 0:08:30]} Be4 {[%emt 0:02:30]} 24. Qa2 {[%emt 0:05:30]} Bd5 {[%emt 0:00:30]} 25. Ne1 {[%emt 0:06:30]} Bf6 {[%emt 0:02:30]} 26. Bc4 {[%emt 0:01:30]} cxd4 {[%emt 0:00:30]} 27. Bxd4 {[%emt 0:06:30]} Bxc4 {[%emt 0:02:30]} 28. Bxf6 {[%emt 0:01:30]} Bxb3 {[%emt 0:01:30]} 29. Qxb3 {[%emt 0:04:30]} Nxf6 {[%emt 0:00:30]} 30. Rxd8+ {[%emt 0:01:41]} Rxd8 {[%emt 0:00:30]} 31. Qc4 {[%emt 0:00:17]} Nd5 {[%emt 0:00:30]} 32. Nf3 {[%emt 0:01:04]} Nc3 {[%emt 0:00:30]} 33. Rxc3 {[%emt 0:04:12]} bxc3 {[%emt 0:01:30]} 34. Qxc3 {[%emt 0:00:03]} Rc8 {[%emt 0:03:30]} 35. Qa3 {[%emt 0:01:34]} Qc6 {[%emt 0:00:30]} 36. Kh2 {[%emt 0:01:33]} Qc7+ {[%emt 0:01:30]} 37. g3 {[%emt 0:00:22]} Qc5 {[%emt 0:00:00]} 38. Qd3 {[%emt 0:03:08]} Qc2 {[%emt 0:00:00]} 39. Qf1 {[%emt 0:00:30]} Qxa4 {[%emt 0:00:00]} 40. Qa6 {[%emt 0:00:55]} Qc6 {[%emt 0:00:00]} 41. Qe2 {[%emt 0:01:08]} Qc2 {[%emt 0:00:30]} 42. Qf1 {[%emt 0:00:42]} a4 {[%emt 0:00:30]} 43. Nd4 {[%emt 0:00:29]} Qb2 {[%emt 0:00:30]} 44. Kg2 {[%emt 0:00:21]} a3 {[%emt 0:00:00]} 45. Qa6 {[%emt 0:00:28]} Rb8 {[%emt 0:00:00]} 0-1

[Event "Turkish Cup 2022"]
[Site "Sakarya"]
[Date "2022.03.27"]
[Round "4.27"]
[White "Ibik, Halit Yavuz"]
[Black "Elmas, Mustafa"]
[Result "1-0"]
[WhiteElo "1996"]
[BlackElo "1614"]
[Annotator "NA"]
[PlyCount "97"]
[EventDate "2022.03.25"]
[EventType "swiss"]
[EventCountry "TUR"]
[SourceTitle "playchess.com"]
[Source "ChessBase"]
[SourceQuality "1"]
[TimeControl "5400+30"]

1. e4 {[%emt 0:05:00]} c5 {[%emt 0:01:00]} 2. Nf3 {[%emt 0:00:30]} d6 {[%emt 0:00:30]} 3. d4 {[%emt 0:00:30]} cxd4 {[%emt 0:00:30]} 4. Nxd4 {[%emt 0:00:30]} Nf6 {[%emt 0:00:00]} 5. Nc3 {[%emt 0:00:00]} a6 {[%emt 0:00:00]} 6. Be3 {[%emt 0:00:00]} e5 {[%emt 0:00:00]} 7. Nb3 {[%emt 0:00:30]} Be6 {[%emt 0:00:00]} 8. f3 {[%emt 0:00:30]} Nbd7 {[%emt 0:00:00]} 9. Qd2 {[%emt 0:01:30]} Qc7 {[%emt 0:00:00]} 10. g4 {[%emt 0:01:30]} h6 {[%emt 0:00:30]} 11. O-O-O {[%emt 0:13:30]} b5 {[%emt 0:00:00]} 12. Qf2 {[%emt 0:02:30]} b4 {[%emt 0:04:00]} 13. Nd5 {[%emt 0:02:30]} Bxd5 {[%emt 0:00:30]} 14. exd5 {[%emt 0:00:00]} a5 {[%emt 0:00:30]} 15. Bb5 {[%emt 0:04:00]} a4 {[%emt 0:05:30]} 16. Bb6 {[%emt 0:12:30]} Qb8 {[%emt 0:02:30]} 17. Na5 {[%emt 0:05:30]} b3 {[%emt 0:04:30]} 18. cxb3 {[%emt 0:06:30]} axb3 {[%emt 0:00:00]} 19. a4 {[%emt 0:00:30]} Be7 {[%emt 0:06:00]} 20. Nxb3 {[%emt 0:02:30]} O-O {[%emt 0:00:30]} 21. Be3 {[%emt 0:00:30]} Qb7 {[%emt 0:03:30]} 22. Qd2 {[%emt 0:03:30]} Nb6 {[%emt 0:01:30]} 23. Bxb6 {[%emt 0:02:30]} Qxb6 {[%emt 0:00:30]} 24. Kb1 {[%emt 0:00:30]} Nd7 {[%emt 0:03:30]} 25. Qd3 {[%emt 0:04:30]} Nc5 {[%emt 0:02:30]} 26. Nxc5 {[%emt 0:00:30]} Qxc5 {[%emt 0:00:30]} 27. Rc1 {[%emt 0:00:00]} Qa7 {[%emt 0:00:30]} 28. Rc6 {[%emt 0:02:00]} Rfc8 {[%emt 0:00:30]} 29. Rhc1 {[%emt 0:00:30]} Rxc6 {[%emt 0:00:30]} 30. dxc6 {[%emt 0:00:30]} Qc7 {[%emt 0:00:30]} 31. Qd5 {[%emt 0:01:30]} Bg5 {[%emt 0:00:30]} 32. Rd1 {[%emt 0:00:30]} Rd8 {[%emt 0:00:30]} 33. Rd3 {[%emt 0:02:30]} Bf6 {[%emt 0:04:30]} 34. Rb3 {[%emt 0:06:30]} Rb8 {[%emt 0:03:30]} 35. Bd3 {[%emt 0:02:44]} Rxb3 {[%emt 0:07:30]} 36. Qxb3 {[%emt 0:00:02]} Kf8 {[%emt 0:00:00]} 37. Be4 {[%emt 0:03:44]} Bd8 {[%emt 0:02:00]} 38. Qb7 {[%emt 0:01:26]} g6 {[%emt 0:02:30]} 39. b4 {[%emt 0:00:54]} f5 {[%emt 0:02:30]} 40. gxf5 {[%emt 0:01:06]} gxf5 {[%emt 0:00:00]} 41. Bxf5 {[%emt 0:03:30]} d5 {[%emt 0:00:00]} 42. a5 {[%emt 0:00:43]} Qd6 {[%emt 0:01:30]} 43. a6 {[%emt 0:01:25]} e4 {[%emt 0:02:30]} 44. c7 {[%emt 0:00:34]} Bxc7 {[%emt 0:00:30]} 45. a7 {[%emt 0:00:05]} Qxh2 {[%emt 0:04:30]} 46. a8=Q+ {[%emt 0:00:08]} Kg7 {[%emt 0:00:30]} 47. Qxd5 {[%emt 0:00:49]} Qg1+ {[%emt 0:04:30]} 48. Ka2 {[%emt 0:00:34]} Qf2+ {[%emt 0:01:30]} 49. Ka3 {[%emt 0:00:19]} 1-0

[Event "Turkish Cup 2022"]
[Site "Sakarya"]
[Date "2022.03.27"]
[Round "4.28"]
[White "Melik, Enes"]
[Black "Demirag, Batuhan"]
[Result "1-0"]
[WhiteElo "1592"]
[BlackElo "1923"]
[Annotator "NA"]
[PlyCount "101"]
[EventDate "2022.03.25"]
[EventType "swiss"]
[EventCountry "TUR"]
[SourceTitle "playchess.com"]
[Source "ChessBase"]
[SourceQuality "1"]
[TimeControl "5400+30"]

1. f4 {[%emt 0:03:00]} c5 {[%emt 0:01:00]} 2. b3 {[%emt 0:00:30]} Nf6 {[%emt 0:00:30]} 3. e3 {[%emt 0:00:30]} g6 {[%emt 0:00:30]} 4. Nf3 {[%emt 0:00:30]} Bg7 {[%emt 0:00:30]} 5. Bb2 {[%emt 0:00:00]} d6 {[%emt 0:00:30]} 6. Be2 {[%emt 0:02:00]} O-O {[%emt 0:00:30]} 7. O-O {[%emt 0:00:30]} Nc6 {[%emt 0:00:30]} 8. Bb5 {[%emt 0:03:30]} Qb6 {[%emt 0:01:30]} 9. Bxc6 {[%emt 0:00:30]} Qxc6 {[%emt 0:00:30]} 10. d3 {[%emt 0:11:30]} b5 {[%emt 0:04:30]} 11. a4 {[%emt 0:01:30]} a6 {[%emt 0:00:30]} 12. Qe2 {[%emt 0:16:30]} Bb7 {[%emt 0:00:30]} 13. Nbd2 {[%emt 0:01:30]} Nd5 {[%emt 0:07:30]} 14. Bxg7 {[%emt 0:03:30]} Kxg7 {[%emt 0:00:00]} 15. Qf2 {[%emt 0:21:30]} f6 {[%emt 0:13:00]} 16. Nh4 {[%emt 0:17:07]} e5 {[%emt 0:06:30]} 17. f5 {[%emt 0:05:44]} g5 {[%emt 0:01:30]} 18. Nhf3 {[%emt 0:01:04]} Nc3 {[%emt 0:07:30]} 19. Nb1 {[%emt 0:02:16]} Nd5 {[%emt 0:02:30]} 20. Nbd2 {[%emt 0:00:12]} Rg8 {[%emt 0:06:30]} 21. g4 {[%emt 0:02:07]} h5 {[%emt 0:01:30]} 22. axb5 {[%emt 0:02:24]} axb5 {[%emt 0:00:30]} 23. Rxa8 {[%emt 0:00:00]} Rxa8 {[%emt 0:00:30]} 24. Ne4 {[%emt 0:00:01]} hxg4 {[%emt 0:00:30]} 25. Nfxg5 {[%emt 0:00:30]} fxg5 {[%emt 0:02:30]} 26. f6+ {[%emt 0:00:01]} Kf8 {[%emt 0:03:30]} 27. Qf5 {[%emt 0:01:16]} Qc7 {[%emt 0:09:30]} 28. Nxg5 {[%emt 0:01:24]} Nxe3 {[%emt 0:07:30]} 29. Ne6+ {[%emt 0:00:30]} Kf7 {[%emt 0:00:00]} 30. Qh7+ {[%emt 0:00:33]} Kxe6 {[%emt 0:00:00]} 31. Qxc7 {[%emt 0:00:00]} Bg2 {[%emt 0:00:30]} 32. Qe7+ {[%emt 0:00:20]} Kd5 {[%emt 0:00:30]} 33. Qb7+ {[%emt 0:01:48]} Kd4 {[%emt 0:00:30]} 34. Qxa8 {[%emt 0:00:42]} Bxa8 {[%emt 0:00:30]} 35. f7 {[%emt 0:00:00]} Bf3 {[%emt 0:02:30]} 36. f8=Q {[%emt 0:01:50]} d5 {[%emt 0:00:30]} 37. Rc1 {[%emt 0:00:43]} b4 {[%emt 0:00:30]} 38. h4 {[%emt 0:00:46]} Ng2 {[%emt 0:00:30]} 39. h5 {[%emt 0:00:30]} Nf4 {[%emt 0:00:30]} 40. Qxf4+ {[%emt 0:00:46]} exf4 {[%emt 0:00:30]} 41. h6 {[%emt 0:00:20]} Kc3 {[%emt 0:00:00]} 42. h7 {[%emt 0:00:30]} Kd2 {[%emt 0:00:00]} 43. Rf1 {[%emt 0:00:30]} Kxc2 {[%emt 0:00:30]} 44. h8=Q {[%emt 0:00:00]} Kxd3 {[%emt 0:00:30]} 45. Qf8 {[%emt 0:00:25]} c4 {[%emt 0:01:30]} 46. Qxb4 {[%emt 0:00:51]} c3 {[%emt 0:00:30]} 47. Qxf4 {[%emt 0:01:00]} d4 {[%emt 0:00:00]} 48. Qf5+ {[%emt 0:00:08]} Kd2 {[%emt 0:01:00]} 49. Rf2+ {[%emt 0:00:15]} Ke3 {[%emt 0:00:30]} 50. Qe5+ {[%emt 0:00:45]} Kd3 {[%emt 0:00:00]} 51. b4 {[%emt 0:00:52]} 1-0

[Event "Turkish Cup 2022"]
[Site "Sakarya"]
[Date "2022.03.27"]
[Round "4.29"]
[White "Kavri, Yusuf Eren"]
[Black "Ilcin, Murat Veysi"]
[Result "1-0"]
[WhiteElo "1886"]
[BlackElo "1588"]
[Annotator "NA"]
[PlyCount "69"]
[EventDate "2022.03.25"]
[EventType "swiss"]
[EventCountry "TUR"]
[SourceTitle "playchess.com"]
[Source "ChessBase"]
[SourceQuality "1"]
[TimeControl "5400+30"]

1. d4 {[%emt 0:01:00]} Nf6 {[%emt 0:01:00]} 2. c4 {[%emt 0:00:00]} g6 {[%emt 0:00:30]} 3. Nc3 {[%emt 0:00:00]} Bg7 {[%emt 0:00:30]} 4. e4 {[%emt 0:00:30]} d6 {[%emt 0:00:00]} 5. h3 {[%emt 0:00:00]} O-O {[%emt 0:01:00]} 6. Bg5 {[%emt 0:00:00]} Nc6 {[%emt 0:00:30]} 7. Nf3 {[%emt 0:00:30]} h6 {[%emt 0:01:30]} 8. Be3 {[%emt 0:00:00]} e5 {[%emt 0:00:30]} 9. d5 {[%emt 0:00:00]} Ne7 {[%emt 0:00:30]} 10. Qd2 {[%emt 0:00:00]} Kh7 {[%emt 0:00:30]} 11. g4 {[%emt 0:00:00]} Nfg8 {[%emt 0:02:30]} 12. Bd3 {[%emt 0:05:30]} f5 {[%emt 0:00:30]} 13. exf5 {[%emt 0:02:30]} gxf5 {[%emt 0:02:30]} 14. gxf5 {[%emt 0:14:30]} Bxf5 {[%emt 0:00:30]} 15. Nh4 {[%emt 0:01:30]} Qd7 {[%emt 0:07:30]} 16. O-O-O {[%emt 0:04:30]} Bxd3 {[%emt 0:01:30]} 17. Qxd3+ {[%emt 0:00:00]} Kh8 {[%emt 0:00:30]} 18. Rdg1 {[%emt 0:02:00]} Rf7 {[%emt 0:04:30]} 19. Rg4 {[%emt 0:18:30]} Nf5 {[%emt 0:07:30]} 20. Nxf5 {[%emt 0:12:30]} Qxf5 {[%emt 0:04:30]} 21. Qd2 {[%emt 0:01:30]} Nf6 {[%emt 0:06:30]} 22. Rh4 {[%emt 0:05:30]} Rg8 {[%emt 0:08:30]} 23. Rg1 {[%emt 0:03:30]} a6 {[%emt 0:05:30]} 24. Rg5 {[%emt 0:06:30]} Qh7 {[%emt 0:10:30]} 25. Rg3 {[%emt 0:01:30]} Qf5 {[%emt 0:00:30]} 26. Bxh6 {[%emt 0:05:23]} Bxh6 {[%emt 0:00:30]} 27. Rxh6+ {[%emt 0:00:02]} Rh7 {[%emt 0:02:30]} 28. Rxh7+ {[%emt 0:01:39]} Kxh7 {[%emt 0:00:30]} 29. Rxg8 {[%emt 0:03:24]} Kxg8 {[%emt 0:01:30]} 30. Qe3 {[%emt 0:00:15]} b6 {[%emt 0:03:30]} 31. Kd2 {[%emt 0:01:41]} Kh7 {[%emt 0:01:30]} 32. Qg3 {[%emt 0:01:47]} Kh6 {[%emt 0:02:30]} 33. Qe3+ {[%emt 0:00:48]} Kh5 {[%emt 0:01:30]} 34. Ne2 {[%emt 0:01:13]} Ne4+ {[%emt 0:02:30]} 35. Qxe4 {[%emt 0:00:30]} 1-0

[Event "Turkish Cup 2022"]
[Site "Sakarya"]
[Date "2022.03.27"]
[Round "4.30"]
[White "Kisacikoglu, Tolga"]
[Black "Canbulan, Arda"]
[Result "1/2-1/2"]
[WhiteElo "1647"]
[BlackElo "1867"]
[Annotator "NA"]
[PlyCount "81"]
[EventDate "2022.03.25"]
[EventType "swiss"]
[EventCountry "TUR"]
[SourceTitle "playchess.com"]
[Source "ChessBase"]
[SourceQuality "1"]
[TimeControl "5400+30"]

1. e4 {[%emt 0:01:00]} c5 {[%emt 0:02:00]} 2. Nc3 {[%emt 0:00:30]} d6 {[%emt 0:00:30]} 3. d4 {[%emt 0:00:30]} cxd4 {[%emt 0:00:30]} 4. Qxd4 {[%emt 0:00:00]} Nc6 {[%emt 0:00:30]} 5. Qd2 {[%emt 0:00:00]} g6 {[%emt 0:00:00]} 6. b3 {[%emt 0:00:00]} Bg7 {[%emt 0:04:00]} 7. Bb2 {[%emt 0:00:00]} Nf6 {[%emt 0:02:30]} 8. O-O-O {[%emt 0:00:30]} O-O {[%emt 0:00:30]} 9. f3 {[%emt 0:00:30]} h5 {[%emt 0:01:30]} 10. h4 {[%emt 0:04:30]} Qa5 {[%emt 0:02:30]} 11. Kb1 {[%emt 0:00:30]} Rd8 {[%emt 0:00:30]} 12. Nge2 {[%emt 0:05:30]} e6 {[%emt 0:05:30]} 13. Rg1 {[%emt 0:16:30]} d5 {[%emt 0:02:30]} 14. exd5 {[%emt 0:11:30]} Nxd5 {[%emt 0:00:30]} 15. Nxd5 {[%emt 0:03:30]} Rxd5 {[%emt 0:00:30]} 16. Qc1 {[%emt 0:03:30]} Rxd1 {[%emt 0:03:30]} 17. Qxd1 {[%emt 0:00:00]} Bxb2 {[%emt 0:00:30]} 18. Kxb2 {[%emt 0:00:00]} Qe5+ {[%emt 0:00:30]} 19. Nc3 {[%emt 0:09:30]} Nb4 {[%emt 0:09:30]} 20. g4 {[%emt 0:09:30]} Nd5 {[%emt 0:12:30]} 21. Qd2 {[%emt 0:00:30]} Bd7 {[%emt 0:08:30]} 22. Bc4 {[%emt 0:01:30]} Rc8 {[%emt 0:10:30]} 23. Bxd5 {[%emt 0:01:30]} exd5 {[%emt 0:00:30]} 24. gxh5 {[%emt 0:05:30]} b5 {[%emt 0:10:30]} 25. hxg6 {[%emt 0:14:57]} b4 {[%emt 0:01:30]} 26. gxf7+ {[%emt 0:00:30]} Kh7 {[%emt 0:00:00]} 27. Qg2 {[%emt 0:01:47]} Qxc3+ {[%emt 0:02:00]} 28. Kb1 {[%emt 0:00:18]} Qf6 {[%emt 0:01:32]} 29. Qg8+ {[%emt 0:02:22]} Kh6 {[%emt 0:00:04]} 30. h5 {[%emt 0:02:53]} Bf5 {[%emt 0:01:11]} 31. Qxc8 {[%emt 0:05:09]} Bxc8 {[%emt 0:00:30]} 32. Rg6+ {[%emt 0:00:30]} Qxg6 {[%emt 0:00:21]} 33. f8=Q+ {[%emt 0:00:00]} Qg7 {[%emt 0:00:07]} 34. Qxc8 {[%emt 0:01:13]} Qg1+ {[%emt 0:00:29]} 35. Kb2 {[%emt 0:00:30]} Qd4+ {[%emt 0:00:30]} 36. Kb1 {[%emt 0:00:08]} Qd1+ {[%emt 0:00:00]} 37. Kb2 {[%emt 0:00:01]} Qd4+ {[%emt 0:00:57]} 38. Kc1 {[%emt 0:00:30]} Qe3+ {[%emt 0:00:11]} 39. Kb1 {[%emt 0:00:15]} Qg1+ {[%emt 0:00:49]} 40. Kb2 {[%emt 0:00:30]} Qd4+ {[%emt 0:00:30]} 41. Kc1 {[%emt 0:00:30]} 1/2-1/2

[Event "Turkish Cup 2022"]
[Site "Sakarya"]
[Date "2022.03.27"]
[Round "4.31"]
[White "Surucu, Efe Mustafa"]
[Black "Kocakaplan, Emre"]
[Result "1-0"]
[WhiteElo "1598"]
[BlackElo "1846"]
[Annotator "NA"]
[PlyCount "91"]
[EventDate "2022.03.25"]
[EventType "swiss"]
[EventCountry "TUR"]
[SourceTitle "playchess.com"]
[Source "ChessBase"]
[SourceQuality "1"]
[TimeControl "5400+30"]

1. e4 {[%emt 0:01:00]} c5 {[%emt 0:01:00]} 2. Nf3 {[%emt 0:00:30]} Nc6 {[%emt 0:00:30]} 3. d4 {[%emt 0:00:30]} cxd4 {[%emt 0:00:30]} 4. Nxd4 {[%emt 0:00:30]} e5 {[%emt 0:00:00]} 5. Nb5 {[%emt 0:00:00]} d6 {[%emt 0:00:00]} 6. N1c3 {[%emt 0:00:00]} a6 {[%emt 0:00:00]} 7. Na3 {[%emt 0:00:00]} Be6 {[%emt 0:00:00]} 8. Nc4 {[%emt 0:02:00]} Rb8 {[%emt 0:02:30]} 9. a4 {[%emt 0:06:30]} Nf6 {[%emt 0:11:30]} 10. Bg5 {[%emt 0:01:30]} Nb4 {[%emt 0:02:30]} 11. Bxf6 {[%emt 0:06:30]} gxf6 {[%emt 0:02:30]} 12. Nd5 {[%emt 0:03:30]} Nxd5 {[%emt 0:19:30]} 13. exd5 {[%emt 0:00:30]} Bd7 {[%emt 0:00:00]} 14. a5 {[%emt 0:04:30]} Qc7 {[%emt 0:09:00]} 15. Ra3 {[%emt 0:16:30]} Qc5 {[%emt 0:16:30]} 16. c3 {[%emt 0:16:30]} Rg8 {[%emt 0:14:47]} 17. b4 {[%emt 0:02:30]} Qc7 {[%emt 0:00:26]} 18. Nb6 {[%emt 0:03:30]} Bh6 {[%emt 0:07:54]} 19. Bd3 {[%emt 0:09:30]} Ke7 {[%emt 0:03:18]} 20. O-O {[%emt 0:04:34]} Bh3 {[%emt 0:03:00]} 21. g3 {[%emt 0:00:26]} Bxf1 {[%emt 0:00:20]} 22. Qxf1 {[%emt 0:00:30]} Rg7 {[%emt 0:01:25]} 23. Qh3 {[%emt 0:01:20]} Bg5 {[%emt 0:00:40]} 24. c4 {[%emt 0:02:57]} Bd2 {[%emt 0:00:46]} 25. Rb3 {[%emt 0:00:30]} Rh8 {[%emt 0:00:30]} 26. c5 {[%emt 0:00:11]} Rd8 {[%emt 0:03:51]} 27. Nc4 {[%emt 0:01:33]} dxc5 {[%emt 0:00:19]} 28. bxc5 {[%emt 0:02:31]} Rxd5 {[%emt 0:00:53]} 29. Be4 {[%emt 0:00:30]} Rxc5 {[%emt 0:00:11]} 30. Nxd2 {[%emt 0:01:24]} Rb5 {[%emt 0:00:58]} 31. Rd3 {[%emt 0:00:38]} Rg8 {[%emt 0:00:09]} 32. Qxh7 {[%emt 0:02:53]} Rd8 {[%emt 0:00:47]} 33. Bg6 {[%emt 0:00:20]} Qc1+ {[%emt 0:00:00]} 34. Nf1 {[%emt 0:00:20]} Rf8 {[%emt 0:00:19]} 35. Rf3 {[%emt 0:05:31]} Qg5 {[%emt 0:00:45]} 36. Be4 {[%emt 0:00:26]} Rc8 {[%emt 0:00:36]} 37. Ne3 {[%emt 0:00:27]} Rxa5 {[%emt 0:00:27]} 38. h4 {[%emt 0:02:13]} Qg8 {[%emt 0:00:26]} 39. Nf5+ {[%emt 0:01:46]} Ke6 {[%emt 0:00:01]} 40. Ng7+ {[%emt 0:00:20]} Ke7 {[%emt 0:00:39]} 41. Qh6 {[%emt 0:00:11]} Ra1+ {[%emt 0:00:47]} 42. Kg2 {[%emt 0:00:07]} Rcc1 {[%emt 0:00:54]} 43. Qxf6+ {[%emt 0:00:30]} Kd7 {[%emt 0:00:00]} 44. Rd3+ {[%emt 0:00:07]} Kc8 {[%emt 0:00:07]} 45. Qxe5 {[%emt 0:01:27]} Rg1+ {[%emt 0:01:04]} 46. Kf3 {[%emt 0:00:30]} 1-0

[Event "Turkish Cup 2022"]
[Site "Sakarya"]
[Date "2022.03.27"]
[Round "4.33"]
[White "Hatipoglu, Metin"]
[Black "Gazioglu, Halit"]
[Result "0-1"]
[WhiteElo "1579"]
[BlackElo "1880"]
[Annotator "NA"]
[PlyCount "62"]
[EventDate "2022.03.25"]
[EventType "swiss"]
[EventCountry "TUR"]
[SourceTitle "playchess.com"]
[Source "ChessBase"]
[SourceQuality "1"]
[TimeControl "5400+30"]

1. e4 {[%emt 0:01:00]} e5 {[%emt 0:01:00]} 2. Nf3 {[%emt 0:00:30]} Nc6 {[%emt 0:00:00]} 3. Bb5 {[%emt 0:00:00]} a6 {[%emt 0:00:00]} 4. Ba4 {[%emt 0:00:00]} Nf6 {[%emt 0:00:30]} 5. O-O {[%emt 0:00:00]} b5 {[%emt 0:00:30]} 6. Bb3 {[%emt 0:00:00]} Be7 {[%emt 0:00:00]} 7. Re1 {[%emt 0:00:30]} O-O {[%emt 0:00:00]} 8. c3 {[%emt 0:01:30]} d5 {[%emt 0:00:30]} 9. exd5 {[%emt 0:00:30]} Nxd5 {[%emt 0:00:30]} 10. Nxe5 {[%emt 0:00:30]} Nxe5 {[%emt 0:00:00]} 11. Rxe5 {[%emt 0:00:00]} c6 {[%emt 0:00:00]} 12. d4 {[%emt 0:00:00]} Bd6 {[%emt 0:00:30]} 13. Re1 {[%emt 0:00:00]} Qh4 {[%emt 0:00:00]} 14. g3 {[%emt 0:01:00]} Qh3 {[%emt 0:01:00]} 15. Be3 {[%emt 0:05:30]} Bg4 {[%emt 0:01:30]} 16. Qd3 {[%emt 0:01:30]} Rae8 {[%emt 0:00:30]} 17. Nd2 {[%emt 0:02:30]} Re6 {[%emt 0:02:30]} 18. Qf1 {[%emt 0:09:30]} Qh5 {[%emt 0:02:30]} 19. Qg2 {[%emt 0:13:30]} Rfe8 {[%emt 0:05:30]} 20. Bxd5 {[%emt 0:04:30]} cxd5 {[%emt 0:00:30]} 21. a4 {[%emt 0:02:30]} b4 {[%emt 0:03:30]} 22. c4 {[%emt 0:02:30]} dxc4 {[%emt 0:03:30]} 23. Nxc4 {[%emt 0:01:30]} Bf3 {[%emt 0:00:30]} 24. Qf1 {[%emt 0:00:30]} Bd5 {[%emt 0:03:30]} 25. Nd2 {[%emt 0:09:30]} f5 {[%emt 0:00:30]} 26. h3 {[%emt 0:09:30]} f4 {[%emt 0:06:30]} 27. Bxf4 {[%emt 0:15:44]} Bxf4 {[%emt 0:00:30]} 28. gxf4 {[%emt 0:01:11]} Qg6+ {[%emt 0:01:30]} 29. Kh2 {[%emt 0:00:30]} Rxe1 {[%emt 0:00:00]} 30. Rxe1 {[%emt 0:00:19]} Rxe1 {[%emt 0:00:00]} 31. Qxe1 {[%emt 0:00:24]} Qg2# {[%emt 0:00:00]} 0-1